Bullying in adulthood assessing the bullies and their victims /

Bibliographic Details
Main Author: Randall, Peter, 1948-
Corporate Author: ProQuest (Firm)
Format: Electronic eBook
Language:English
Published: New York : Brunner-Routledge, 2001.
Subjects:
Online Access:Click to View
LEADER 01306nam a2200373Ia 4500
001 EBC169941
003 MiAaPQ
005 20200520144314.0
006 m o d |
007 cr cn|||||||||
008 010404s2001 nyu sb 001 0 eng d
010 |z  2001035110 
020 |z 0203469224 
020 |z 0415236932 
020 |z 0415236940 (pbk.) 
035 |a (MiAaPQ)EBC169941 
035 |a (Au-PeEL)EBL169941 
035 |a (CaPaEBR)ebr10053591 
035 |a (CaONFJC)MIL40409 
035 |a (OCoLC)173222563 
040 |a MiAaPQ  |c MiAaPQ  |d MiAaPQ 
050 4 |a BF637.B85  |b R37 2001 
082 0 4 |a 650.1/3  |2 21 
100 1 |a Randall, Peter,  |d 1948- 
245 1 0 |a Bullying in adulthood  |h [electronic resource] :  |b assessing the bullies and their victims /  |c Peter Randall. 
260 |a New York :  |b Brunner-Routledge,  |c 2001. 
300 |a xii, 225 p. 
504 |a Includes bibliographical references and index. 
533 |a Electronic reproduction. Ann Arbor, MI : ProQuest, 2015. Available via World Wide Web. Access may be limited to ProQuest affiliated libraries. 
650 0 |a Bullying. 
650 0 |a Bullying in the workplace. 
655 4 |a Electronic books. 
710 2 |a ProQuest (Firm) 
856 4 0 |u https://ebookcentral.proquest.com/lib/matrademy/detail.action?docID=169941  |z Click to View